000 00335nam a22001577a 4500
003 SGT
020 _a978-81-239-1692-7
082 _a615.190, P14K
100 _aKAR, ASHUTOSH
245 _aPHARMACEUTICAL ANALYSIS
250 _a1ST
260 _aDELHI
_bCBS
_c2014
300 _a597
650 _aPHARMACEUTICAL
942 _2ddc
_cBK
_03
999 _c8156
_d8156